Operations and supply chain management <the> core
Enregistré dans:
| Auteur principal: | |
|---|---|
| Autres auteurs: | |
| Format: | Livre |
| Langue: | anglais |
| Publié: |
New York
McGraw-Hill Education
2017
|
| Édition: | 4th ed., international student ed. |
| Sujets: | |
| Tags: |
Pas de tags, Soyez le premier à ajouter un tag!
|
MARC
| LEADER | 00000nam a2200000 4500 | ||
|---|---|---|---|
| 001 | 0234995 | ||
| 005 | 20230109073128.0 | ||
| 020 | |a 978-1-259-25352-2 | ||
| 041 | 0 | |a eng | |
| 044 | |a US | ||
| 245 | 1 | 0 | |a Operations and supply chain management |b <the> core |c F. Robert Jacobs, Richard B. Chase |
| 250 | |a 4th ed., international student ed. | ||
| 264 | 1 | |a New York |b McGraw-Hill Education |c 2017 | |
| 300 | |a xxiv, 520 s. | ||
| 610 | 2 | 0 | |a reťazce dodávateľsko-odberateľské |
| 610 | 2 | 0 | |a riadenie podnikové |
| 610 | 2 | 0 | |a logistika podniková |
| 610 | 2 | 0 | |a manažment strategický |
| 610 | 2 | 0 | |a stratégia podniková |
| 610 | 2 | 0 | |a stratégia podnikateľská |
| 610 | 2 | 0 | |a predvídanie |
| 610 | 2 | 0 | |a prognózy podnikové |
| 610 | 2 | 0 | |a projektovanie |
| 610 | 2 | 0 | |a projekty |
| 610 | 2 | 0 | |a distribúcia |
| 610 | 2 | 0 | |a plánovanie podnikové |
| 610 | 2 | 0 | |a predaj |
| 610 | 2 | 0 | |a riadenie kvality |
| 610 | 2 | 0 | |a Čína |
| 610 | 2 | 0 | |a USA |
| 100 | 1 | |a Jacobs, F. Robert | |
| 700 | 1 | |a Chase, Richard B. | |